| 000 | 00520nam a2200193Ia 4500 | ||
|---|---|---|---|
| 008 | 181130s2018 xx 000 0 und d | ||
| 100 | _aGuerrina, Roberta | ||
| 245 |
_aWalking into the footprin of EU law: _bunpacking the gendered consequences of Brexit |
||
| 260 | _c2018 | ||
| 300 | _ap.319-330. | ||
| 504 | _dApr | ||
| 650 | _aBrexit | ||
| 650 | _aEuropean union | ||
| 650 | _aGender | ||
| 650 | _aMaternity rights | ||
| 700 | _aMasselot, Annick | ||
| 773 | _aSocial Policy and Society | ||
| 906 | _aBrexit | ||
| 999 |
_c506812 _d506812 |
||